Biggest Cities of Kievan Rus' before the Mongol Invasion with a Map - Statistics

General Stats
  • This quiz has been taken 391 times
  • The average score is 10 of 31
Answers on the Map
Answers color-coded by a green-red scale on the quiz's map according to % correct below.
 
Answer Stats
Population Cities % Correct
50k Kijev (Kyiv)
99%
4k Moskij (Moscow)
90%
30k Novgorod (Veliky Novgorod)
85%
3k Novgorod-Severskij (Novhorod-Siverskyi)
84%
30k Smolensk
68%
15k Plěskov (Pskov)
64%
15k Volodiměr (Vladimir)
57%
6k Volodiměr (Volodymyr)
57%
45k Černigov (Chernihiv)
53%
3k Perejaslavl'-Rjazanskij (Ryazan)
47%
5k Rjazan (Staraya Ryazan)
45%
5k Kursk
32%
8k Polotesk (Polotsk)
31%
12k Rostov
31%
4k Vidbesk (Vitebsk)
31%
5k Suždal' (Suzdal)
23%
10k Bělgorod-Kijevskij (Bilohorodka)
21%
3k Běloozero (Belozersk)
21%
25k Galič (Krylos)
18%
9k Perejaslavl’-Russkij (Pereiaslav)
18%
4k Perejaslavl'-Zalesskij (Pereslavl-Zalessky)
18%
8k Vyšgorod (Vyshhorod)
5%
3k Osterskij-Gorodec (Oster)
4%
3k Vručij (Ovruch)
4%
4k Gorodec-Radilov (Gorodets)
3%
3k Vasilev (Vasylkiv)
3%
3k Putivl' (Putyvl)
2%
9k Torčesk (Ol'shanytsya)
1%
3k Trepol' (Trypillia)
1%
3k Voin
1%
3k Zvenigorod (Zvenyhorod)
1%
No matching quizzes found
Score Distribution
Percent of People with Each Score
Percentile by Number Answered
Your Score History
You have not taken this quiz